<?xml version="1.0" encoding="UTF-8"?>
<record
    xmlns:xsi="http://www.w3.org/2001/XMLSchema-instance"
    xsi:schemaLocation="http://www.loc.gov/MARC21/slim http://www.loc.gov/standards/marcxml/schema/MARC21slim.xsd"
    xmlns="http://www.loc.gov/MARC21/slim">

  <leader>02240nam a2200337 a 4500</leader>
  <controlfield tag="005">20180803165319.0</controlfield>
  <controlfield tag="008">140127b2006    ck ||||| |||| 00| 0 spa d</controlfield>
  <datafield tag="040" ind1=" " ind2=" ">
    <subfield code="c">CO-BoIH</subfield>
    <subfield code="a">CO-BoIAVH</subfield>
  </datafield>
  <datafield tag="041" ind1=" " ind2=" ">
    <subfield code="a">spa</subfield>
  </datafield>
  <datafield tag="044" ind1=" " ind2=" ">
    <subfield code="a">ck</subfield>
  </datafield>
  <datafield tag="090" ind1=" " ind2=" ">
    <subfield code="a">IAVH</subfield>
    <subfield code="b">00682</subfield>
  </datafield>
  <datafield tag="100" ind1=" " ind2=" ">
    <subfield code="a">V&#xE9;lez Llin&#xE1;s, Juliana</subfield>
    <subfield code="9">5258</subfield>
  </datafield>
  <datafield tag="245" ind1=" " ind2=" ">
    <subfield code="a">Acuerdos Contractuales de Acceso a Recursos Gen&#xE9;ticos, productos derivados y componente intangible asociado</subfield>
    <subfield code="b">qu&#xE9; es justo y equitativo en una distribuci&#xF3;n de beneficios</subfield>
  </datafield>
  <datafield tag="260" ind1=" " ind2=" ">
    <subfield code="a">Bogot&#xE1;</subfield>
    <subfield code="b">Instituto Alexander von Humboldt</subfield>
    <subfield code="c">2006</subfield>
  </datafield>
  <datafield tag="300" ind1=" " ind2=" ">
    <subfield code="a">74 p.</subfield>
  </datafield>
  <datafield tag="505" ind1=" " ind2=" ">
    <subfield code="a">Manual de acceso para proveedores y usuarios de recursos gen&#xE9;ticos, productos derivados y componente intangible asociado</subfield>
  </datafield>
  <datafield tag="505" ind1=" " ind2=" ">
    <subfield code="a">Las cl&#xE1;usulas de propiedad intelectual en los contratos de acceso y distribuci&#xF3;n de beneficios</subfield>
  </datafield>
  <datafield tag="520" ind1=" " ind2=" ">
    <subfield code="a">Este documento pretende hacer referencia a ciertas barreras que surgen en un proceso de acceso y distribuci&#xF3;n de beneficios en materia de recursos gen&#xE9;ticos En primer lugar se busca idenficar algunas condiciones que se vislumbran en la legislaci&#xF3;n que apuntan a establecer acuerdos justos y equitativos; porteriomente se hace una revisi&#xF3;n bibliogr&#xE1;fica incluyendo estudios de caso en donde se se&#xF1;alan elementos necesarios para ser efectiva la distribuci&#xF3;n justa y equitativa de beneficios; en tercer lugar se estudia el concepto de comercio justo para ver cu&#xE1;les de sus elementos pueden ser &#xFA;tiles a la distribuci&#xF3;n de beneficios y, por &#xFA;ltimo se estudian algunas barreras que dificultan establecer acuerdos justos y equitativos que permitan brindar una visi&#xF3;n m&#xE1;s amplia de las relaciones complejas y del componente intangible asociado.</subfield>
  </datafield>
  <datafield tag="650" ind1=" " ind2=" ">
    <subfield code="a">Distribuci&#xF3;n justa y equitativa</subfield>
    <subfield code="9">5259</subfield>
  </datafield>
  <datafield tag="650" ind1=" " ind2=" ">
    <subfield code="a">Acceso a recursos gen&#xE9;ticos</subfield>
    <subfield code="9">92326</subfield>
  </datafield>
  <datafield tag="650" ind1=" " ind2=" ">
    <subfield code="a">Proveedores</subfield>
    <subfield code="9">5260</subfield>
  </datafield>
  <datafield tag="650" ind1=" " ind2=" ">
    <subfield code="a">Recursos gen&#xE9;ticos</subfield>
    <subfield code="9">78232</subfield>
  </datafield>
  <datafield tag="650" ind1=" " ind2=" ">
    <subfield code="a">Productos derivados</subfield>
    <subfield code="9">5261</subfield>
  </datafield>
  <datafield tag="650" ind1=" " ind2=" ">
    <subfield code="a">Componente intangible asociado</subfield>
    <subfield code="9">5262</subfield>
  </datafield>
  <datafield tag="650" ind1=" " ind2=" ">
    <subfield code="a">Derechos de propiedad intelectual</subfield>
    <subfield code="9">78233</subfield>
  </datafield>
  <datafield tag="650" ind1=" " ind2=" ">
    <subfield code="a">Transferencia tecnol&#xF3;gica</subfield>
    <subfield code="9">78234</subfield>
  </datafield>
  <datafield tag="650" ind1=" " ind2=" ">
    <subfield code="a">Legislaci&#xF3;n</subfield>
    <subfield code="9">78235</subfield>
  </datafield>
  <datafield tag="650" ind1=" " ind2=" ">
    <subfield code="a">Convenio de Diversidad Biol&#xF3;gica</subfield>
    <subfield code="9">78236</subfield>
  </datafield>
  <datafield tag="856" ind1=" " ind2=" ">
    <subfield code="u">http://hdl.handle.net/20.500.11761/9714</subfield>
  </datafield>
  <datafield tag="942" ind1=" " ind2=" ">
    <subfield code="2">z</subfield>
    <subfield code="c">INFORME</subfield>
    <subfield code="0">2</subfield>
  </datafield>
  <datafield tag="999" ind1=" " ind2=" ">
    <subfield code="c">5856</subfield>
    <subfield code="d">5856</subfield>
  </datafield>
  <datafield tag="952" ind1=" " ind2=" ">
    <subfield code="0">0</subfield>
    <subfield code="1">0</subfield>
    <subfield code="2">z</subfield>
    <subfield code="4">0</subfield>
    <subfield code="7">0</subfield>
    <subfield code="8">HUMBOLDT</subfield>
    <subfield code="a">Bogota</subfield>
    <subfield code="b">Bogota</subfield>
    <subfield code="d">2007-08-10</subfield>
    <subfield code="l">2</subfield>
    <subfield code="o">IAVH-00682</subfield>
    <subfield code="p">024827</subfield>
    <subfield code="r">2015-03-03 00:00:00</subfield>
    <subfield code="s">2015-03-03</subfield>
    <subfield code="t">Ej. 1</subfield>
    <subfield code="w">2012-12-04</subfield>
    <subfield code="y">INFORME</subfield>
  </datafield>
</record>
